Boj začína

Rodný list únie. Cesta k ústave EÚ.

Salvato in:
Dettagli Bibliografici
Autore principale: Stuchlík, Jan
Natura: Capitolo di libro
Lingua:ceco
Soggetti:
Tags: Aggiungi Tag
Nessun Tag, puoi essere il primo ad aggiungerne!!

MARC

LEADER 00000naa$a2200000$$$4500
001 0002390
005 20231004071506.8
041 0 |a cze 
044 |a CZ 
245 1 0 |a Boj začína  |c aut. Jan Stuchlík 
520 |a Rodný list únie. Cesta k ústave EÚ. 
610 2 0 |a Európska únia 
610 2 0 |a ústava 
100 1 |a Stuchlík, Jan